O sagrado e a religiosidade: vivencias e mutualidades. = Sacred and religiosity: experiences and mutualities /

Este artículo tiene como objetivo rescatar algunas concepciones sagradas y verificar su relación con las prácticas religiosas. La presencia sagrada y religiosa cambia los esfuerzos racionales científicos y tecnológicos para explicar el mundo y la existencia humana. A pesar de lo anterior, existen al...

Deskribapen osoa

Gorde:
Xehetasun bibliografikoak
Egile nagusia: Marchi, Euclides
Formatua: Texto
Gaiak:
Etiketak: Etiketa erantsi
Etiketarik gabe, Izan zaitez lehena erregistro honi etiketa jartzen!

MARC

LEADER 00000 a a2200000 04500
001 8320
003
040
100 |a Marchi, Euclides  
245 |a O sagrado e a religiosidade: vivencias e mutualidades. =  |b Sacred and religiosity: experiences and mutualities /  |c Euclides Marchi 
520 |a Este artículo tiene como objetivo rescatar algunas concepciones sagradas y verificar su relación con las prácticas religiosas. La presencia sagrada y religiosa cambia los esfuerzos racionales científicos y tecnológicos para explicar el mundo y la existencia humana. A pesar de lo anterior, existen algunos avances y conquistas en la ciencia, lo sagrado y la religión siempre estuvieron presentes y se afirman como formas de vivenciar la religión para un significativo número de la población  
650 |a RELIGION  
650 |a CIENCIA  
650 |a TECNOLOGIA  
650 |a BRASIL  
773 |g volumen 22, número 43; páginas 33-53  
999 |c 19843  |d 19843